000 00576nam a22002057a 4500
999 _c3759
_d3759
003 GBCCL
005 20241126110502.0
008 171208b xxu||||| |||| 00| 0 eng d
020 _a81-7214-140-8
040 _cgbc
082 _a224.1061
_bPAR
100 _aPartain, Jack
_97421
245 2 _aA guide to Isaiah 1-39 /
_cJack Partain & Richard Deutsch
250 _a3rd Ed.
260 _bISPCK,
_aDelhi:
_c1995
300 _a262 p.;
_bill.,
_c21 cm.
440 _aISPCK Study Guide
_v21
_97422
650 _aBible
_vOld Testament
_xIsaiah 1-39
_911038
942 _e3RD
_2ddc
_cBK
_022